000 00381nam a2200133Ia 4500
008 231129s1990||||xx |||||||||||||| ||spa||
020 _a968-25-1448-7
040 _bspa
082 _aR 616.02 P954
245 0 _aPrincipios de medicina interna : manual Harrison
260 _c1990
264 _aInteramericana ; McGraw-Hill
942 _2ddc
_cBKS
999 _c23233
_d23233